La felicidad pública
Guardat en:
| Autor principal: | |
|---|---|
| Format: | Llibre |
| Idioma: | espanyol |
| Publicat: |
Ciudad de México
Herrero Hermanos
1964
|
| Matèries: | |
| Etiquetes: |
Afegir etiqueta
Sense etiquetes, Sigues el primer a etiquetar aquest registre!
|
MARC
| LEADER | 00000nam a2200000 a 4500 | ||
|---|---|---|---|
| 001 | UCZ1867 | ||
| 003 | CL-VaPUC | ||
| 008 | 950914e19640000MX |||||||||||||||||spa|d | ||
| 082 | 0 | 4 | |a 149.91 |b HEC |2 21 |
| 100 | 0 | |a Heckscher, August |e author |9 345557 | |
| 245 | 1 | 3 | |a La felicidad pública |
| 300 | |a 253 p | ||
| 942 | |c BK | ||
| 945 | |d 19950914 00:00:00 |a rbrito | ||
| 260 | |a Ciudad de México |b Herrero Hermanos |c 1964 | ||
| 650 | 7 | |a NEOESCOLASTICA |2 CL-VaPUC |9 345558 | |
| 650 | 0 | |a Política |9 255312 | |
| 650 | 0 | |a Filosofía |9 223554 | |
| 583 | |a last modification |c 19950914 00:00:00 |k Rodrigo Vera | ||
| 999 | |c 238548 |d 238546 | ||
| 952 | |0 0 |1 0 |4 0 |6 149_910000000000000_HEC_1964 |7 0 |8 A |9 248799 |a BIBEDU |b BIBEDU |d 2019-11-18 |i 3132897 |o 149.91 HEC 1964 |p 3132897 |r 2019-11-18 |w 2019-11-18 |y BK |k FIL | ||